| LEADER |
00604nam0a2200181 450 |
| 001 |
16830106 |
| 010 |
|
|
|a 978-2-01-220272-6
|b rel.
|d 20,95
|
| 100 |
|
|
|a 20151110d2026 u u0frey01 ba
|
| 101 |
0 |
|
|a fre
|
| 102 |
|
|
|a FR
|
| 200 |
0 |
|
|a King Kong
|f Antoine Guilloppé
|
| 207 |
|
1 |
|a
|
| 210 |
|
|
|a Paris
|b 18 rue Jacob.
|c Gautier-Languereau
|d DL 2015
|
| 215 |
|
|
|a 1 vol. (non paginé [36] p.)
|c ill.
|d 33 cm
|
| 700 |
|
0 |
|a Guilloppé
|b Antoine
|c Illustrateur
|f 1971-....
|4 70
|
| 900 |
|
|
|a Album
|
| 901 |
|
|
|a Accessible au prêt
|
| 995 |
|
|
|a Bibliothèque
|c Bibliothèque
|f 024018853
|h 024018853
|k A2 GUI
|o p
|q j
|r az
|e Bibliothèque
|